| 000 | 00853nam a2200253Ia 4500 | ||
|---|---|---|---|
| 003 | GCL | ||
| 005 | 20240530105247.0 | ||
| 008 | 140319s9999 xx 000 0 ara d | ||
| 040 |
_aGCL / _cGCL |
||
| 082 | 0 | 4 |
_a361.8 _bهـ م |
| 100 | 1 | _aهناء حافظ بدوى | |
| 245 | 1 | 0 |
_aالممارسة المهنية لطريقة تنظيم المجتمع: مدخل نظرى / _cهناء حافظ بدوى |
| 260 |
_a[ الاسكندرية ] : _bالمكتب الجامعى الحديث ، _c1991 |
||
| 300 | _a322 ص | ||
| 650 | 0 | 4 | _aتنظيم المجتمع |
| 650 | 0 | 4 | _aخدمة الفرد |
| 650 | 0 | 4 | _aالخدمة الاجتماعية |
| 650 | 0 | 4 | _aالاجتماع |
| 650 | 0 | 4 | _aخدمة الجماعة |
| 650 | 0 | 4 | _aالفقراء |
| 650 | 0 | 4 | _aالشيخوخة |
| 700 | 1 | _aمحمد عبدالفتاح محمد | |
| 942 |
_2ddc _cBK |
||
| 999 |
_c54412 _d54412 |
||